ロード中...

Economics: UPSC Civil Services Preliminary

書誌詳細
出版事項: Unique
LEADER 00189 a2200097 4500
020
260 |b Unique 
942 |c BB  |6 _ 
245 |a Economics: UPSC Civil Services Preliminary 
100
999 |c 57450  |d 57450